Gramática histórica de la lengua castellana

Gespeichert in:
Bibliographische Detailangaben
1. Verfasser: Hanssen, Federico (VerfasserIn)
Format: Buch
Sprache:Spanisch
Veröffentlicht: Tubinga Max Niemeyer 1913
Ausgabe:1a. ed
Schlagworte:
Tags: Tag hinzufügen
Keine Tags, Fügen Sie den ersten Tag hinzu!

MARC

LEADER 00000nam a2200000 a 4500
001 UCJ5140
003 CL-VaPUC
008 070124e19130000GW |||||||||||||||||spa|d
082 0 4 |a 460  |b HAN  |2 21 
100 0 |a Hanssen, Federico  |e author  |9 504388 
245 1 0 |a Gramática histórica de la lengua castellana 
250 |a 1a. ed 
300 |a xiv, 367 p 
942 |c BK 
945 |d 20070124 00:00:00  |a rinostro 
260 |a Tubinga  |b Max Niemeyer  |c 1913 
650 7 |a GRAMATICA CASTELLANA  |2 CL-VaPUC  |9 509974 
583 |a last modification  |c 20070124 00:00:00  |k Rodrigo Vera 
999 |c 321253  |d 321251 
952 |0 0  |1 0  |4 0  |6 460_000000000000000_HAN_1913  |7 0  |8 X  |9 399952  |a FDOBUD  |b FDOBUD  |d 2019-11-22  |i 1030558  |o 460 HAN 1913  |p 1030558  |r 2019-11-22  |w 2019-11-22  |y BK_X  |k BUD